MARC details
| 000 -LEADER |
| fixed length control field |
05393cam a2200469 i 4500 |
| 001 - CONTROL NUMBER |
| control field |
on1346260261 |
| 003 - CONTROL NUMBER IDENTIFIER |
| control field |
OCoLC |
| 005 - DATE AND TIME OF LATEST TRANSACTION |
| control field |
20240620195745.0 |
| 006 - FIXED-LENGTH DATA ELEMENTS--ADDITIONAL MATERIAL CHARACTERISTICS |
| fixed length control field |
m o d |
| 007 - PHYSICAL DESCRIPTION FIXED FIELD--GENERAL INFORMATION |
| fixed length control field |
cr cnu|||unuuu |
| 008 - FIXED-LENGTH DATA ELEMENTS--GENERAL INFORMATION |
| fixed length control field |
220929s2022 hiu ob 001 0 eng d |
| 040 ## - CATALOGING SOURCE |
| Original cataloging agency |
N$T |
| Language of cataloging |
eng |
| Description conventions |
rda |
| -- |
pn |
| Transcribing agency |
N$T |
| Modifying agency |
N$T |
| -- |
YDX |
| -- |
UKSRC |
| -- |
OCLCO |
| -- |
JSTOR |
| -- |
SFB |
| 020 ## - INTERNATIONAL STANDARD BOOK NUMBER |
| International Standard Book Number |
9780824892135 |
| Qualifying information |
(electronic bk.) |
| 020 ## - INTERNATIONAL STANDARD BOOK NUMBER |
| International Standard Book Number |
0824892135 |
| Qualifying information |
(electronic bk.) |
| 020 ## - INTERNATIONAL STANDARD BOOK NUMBER |
| Canceled/invalid ISBN |
9780824888985 |
| 035 ## - SYSTEM CONTROL NUMBER |
| System control number |
(OCoLC)1346260261 |
| Canceled/invalid control number |
(OCoLC)1429765820 |
| 037 ## - SOURCE OF ACQUISITION |
| Stock number |
22573/cats13551287 |
| Source of stock number/acquisition |
JSTOR |
| 043 ## - GEOGRAPHIC AREA CODE |
| Geographic area code |
p------ |
| 050 #4 - LIBRARY OF CONGRESS CALL NUMBER |
| Classification number |
SH382.8 |
| 245 00 - TITLE STATEMENT |
| Title |
Across species and cultures : |
| Remainder of title |
whales, humans, and Pacific worlds / |
| Statement of responsibility, etc. |
edited by Ryan Tucker Jones and Angela Wanhalla. |
| 264 #1 - PRODUCTION, PUBLICATION, DISTRIBUTION, MANUFACTURE, AND COPYRIGHT NOTICE |
| Place of production, publication, distribution, manufacture |
Honolulu : |
| Name of producer, publisher, distributor, manufacturer |
University of Hawaiʻi Press, |
| Date of production, publication, distribution, manufacture, or copyright notice |
[2022] |
| 300 ## - PHYSICAL DESCRIPTION |
| Extent |
1 online resource. |
| 336 ## - CONTENT TYPE |
| Content type term |
text |
| Content type code |
txt |
| Source |
rdacontent |
| 337 ## - MEDIA TYPE |
| Media type term |
computer |
| Media type code |
c |
| Source |
rdamedia |
| 338 ## - CARRIER TYPE |
| Carrier type term |
online resource |
| Carrier type code |
cr |
| Source |
rdacarrier |
| 490 1# - SERIES STATEMENT |
| Series statement |
Asia Pacific flows |
| 506 0# - RESTRICTIONS ON ACCESS NOTE |
| Institution to which field applies |
EbpS |
| 504 ## - BIBLIOGRAPHY, ETC. NOTE |
| Bibliography, etc. note |
Includes bibliographical references and index. |
| 505 0# - FORMATTED CONTENTS NOTE |
| Formatted contents note |
Māori Women and Shore Whaling in Southern New Zealand / Kate Stevens and Angela Wanhalla -- Animals, Race, and the "Gospel of Kindness": The American Whaling Fleet of the Pacific World / Lissa Wadewitz -- Whales' Teeth: A Niche Commodity of the Nineteenth-Century Pacific Sperm Whaling Industry / Nancy Shoemaker -- Newspaper Stories Promoting Local Nineteenth-Century Shore-Based Whaling within the Hawaiian Archipelago / Susan A. Lebo -- Birth of a Pelagic Empire: Japanese Whaling and Early Territorial Expansions in the Pacific / Jakobina Arch -- Precursors of the Japanese Pacific Pivot: Drift Whales, Ainu, and the Tokugawa State along the 1850s Okhotsk Arc / Noell Wilson -- The Different Currents of Japanese Whaling: A Case Study of Baird's Beaked Whale Foodways in the Kanto and Tohoku Regions / Akamine Jun -- Whale Country: Bering Strait Bowheads and their Hunters in the Nineteenth Century / Bathsheba Demuth -- Two Landings in Lorino: How Environmentalists Confronted the Soviets in the Bering Strait and Discovered Subsistence Whaling / Ryan Tucker Jones -- Swimming with Gigi: Captivity, Gray Whales, and the Environmental Culture of the Pacific Coast / Jason M. Colby -- Ngarrindjeri Whalers: Culture Contact, History, and Reconciliation / Adam Paterson and Christopher Wilson -- Whale Tales: (Re)Discovering Whales and Whaling in Puget Sound Salish Culture and History / Jonathan Clapperton and the Squaxin Island Tribe -- Ancestor's Voice -- Heeding the Call of Paikea: A Whakapapa Approach to Whaling and Whale People in Aotearoa-New Zealand / Billie Lythberg and Wayne Ngata -- Afterword: Whale Peoples, Pacific Worlds / Joshua L. Reid. |
| 520 ## - SUMMARY, ETC. |
| Summary, etc. |
"More than any other locale, the Pacific Ocean has been the meeting place between humans and whales. From Indigenous Pacific peoples who built lives and cosmologies around whales, to Euro-American whalers who descended upon the Pacific during the nineteenth century, and to the new forms of human-cetacean partnerships that have emerged from the late twentieth century, the relationship between these two species has been central to the ocean's history. Across Species and Cultures: Whales, Humans, and Pacific Worlds offers for the first time a critical, wide-ranging geographical and temporal look at the varieties of whale histories in the Pacific. The essay contributors, hailing from around the Pacific, present a wealth of fascinating stories while breaking new methodological ground in environmental history, women's history, animal studies, and Indigenous ontologies. In the process they reveal previously hidden aspects of the story of Pacific whaling, including the contributions of Indigenous people to capitalist whaling, the industry's exceptionally far-reaching spread, and its overlooked second life as a global, industrial slaughter in the twentieth century. While pointing to striking continuities in whaling histories around the Pacific, Across Species and Cultures also reveals deep tensions: between environmentalists and Indigenous peoples, between ideas and realities, and between the North and South Pacific. The book delves in unprecedented ways into the lives and histories of whales themselves. Despite the worst ravages of commercial and industrial whaling, whales survived two centuries of mass killing in the Pacific. Their perseverance continues to nourish many human communities around and in the Pacific Ocean where they are hunted as commodities, regarded as signs of wealth and power, act as providers and protectors, but are also ancestors, providing a bridge between human and nonhuman worlds"-- |
| Assigning source |
Provided by publisher. |
| 588 0# - SOURCE OF DESCRIPTION NOTE |
| Source of description note |
Online resource; title from PDF title page (EBSCO, viewed September 30, 2022). |
| 590 ## - LOCAL NOTE (RLIN) |
| Local note |
JSTOR |
| Provenance (VM) [OBSOLETE] |
Books at JSTOR Open Access |
| 650 #0 - SUBJECT ADDED ENTRY--TOPICAL TERM |
| Topical term or geographic name entry element |
Whaling |
| Geographic subdivision |
Pacific Area |
| General subdivision |
History. |
| 650 #0 - SUBJECT ADDED ENTRY--TOPICAL TERM |
| Topical term or geographic name entry element |
Whales |
| Geographic subdivision |
Pacific Area. |
| 650 #0 - SUBJECT ADDED ENTRY--TOPICAL TERM |
| Topical term or geographic name entry element |
Human-animal relationships |
| Geographic subdivision |
Pacific Area. |
| 700 1# - ADDED ENTRY--PERSONAL NAME |
| Personal name |
Jones, Ryan Tucker, |
| Relator term |
editor. |
| Authority record control number or standard number |
http://id.loc.gov/authorities/names/n2014016414 |
| 700 1# - ADDED ENTRY--PERSONAL NAME |
| Personal name |
Wanhalla, Angela, |
| Relator term |
editor. |
| Authority record control number or standard number |
http://id.loc.gov/authorities/names/no2010047815 |
| 830 #0 - SERIES ADDED ENTRY--UNIFORM TITLE |
| Uniform title |
Asia Pacific flows. |
| Authority record control number or standard number |
http://id.loc.gov/authorities/names/no2018029123 |
| 856 40 - ELECTRONIC LOCATION AND ACCESS |
| Uniform Resource Identifier |
<a href="https://www.jstor.org/stable/10.2307/jj.13568102">https://www.jstor.org/stable/10.2307/jj.13568102</a> |
| 942 ## - ADDED ENTRY ELEMENTS (KOHA) |
| Koha item type |
E-Book |
| 994 ## - |
| -- |
92 |
| -- |
PHURS |